| 000 | 00338nam a2200145Ia 4500 | ||
|---|---|---|---|
| 008 | 230917s9999||||xx |||||||||||||| ||und|| | ||
| 040 |
_e33394 _aMAIN |
||
| 041 | _aEnglish | ||
| 082 | _a152 P653B | ||
| 100 | _aPinel, John P J | ||
| 245 | 0 | _aBiopsychology | |
| 260 |
_aBoston _bAllyn and Bacon _c2000 |
||
| 300 | _a564 p. | ||
| 942 | _cBK | ||
| 999 |
_c105847 _d105847 |
||